000
00360nam a22001217a 4500
999
_c
13693
_d
13693
082
_a
808.8503
_b
ع ب د
100
_a
عبدالقادر،قاضی
245
_a
یادوں کی تسبیح
260
_a
کراچی
_b
مکتبہ الہدا
_c
٢٠٠٨
300
_a
٣٩١ صفحات
650
_a
Biography, Yadon ki tasbeeeh, Qazi Abdul Qadir
942
_c
BK